000 00347nam a22001457a 4500
003 OSt
008 250227b |||||||| |||| 00| 0 eng d
041 _aeng
100 _aFabio Vittorio
_97258
245 _aIntroduction to Physics of Landslides
260 _aUSA:
_bSpringer,
_c2011.
300 _a408p.
700 _aDe Blasio
_97259
942 _cBK
999 _c19454
_d19454